More house price indicies (Record no. 118464)
[ view plain ]
| 000 -LEADER | |
|---|---|
| fixed length control field | 01438cam a2200205 4500 |
| 001 - CONTROL NUMBER | |
| control field | WB@3612-475 |
| 008 - FIXED-LENGTH DATA ELEMENTS--GENERAL INFORMATION | |
| fixed length control field | 041216n2004 000 0 eng u |
| 035 ## - SYSTEM CONTROL NUMBER | |
| System control number | (Sirsi) u128348 |
| 245 ## - TITLE STATEMENT | |
| Title | More house price indicies |
| 260 ## - PUBLICATION, DISTRIBUTION, ETC. | |
| Date of publication, distribution, etc. | 2004 |
| 490 ## - SERIES STATEMENT | |
| Series statement | ODPM Statistical Release |
| Volume/sequential designation | (2004/0314) 13 December 2004 (3) |
| 520 ## - SUMMARY, ETC. | |
| Summary, etc. | The latest "House price index: October 2004" from the ODPM shows that UK annual house price inflation in October 2004 was 12.6%, down from 13.8% in September. The mix-adjusted average house price in the UK in October 2004 stood at £180 444, up from £179 201 in September. Annual house price inflation in London was 7.0% in October 2004, up from 6.6% in September. London was also the English region with the highest average house price inOctober - £265 324. The lowest average price was in the northeast of England at £126 732. The average price paid by first time buyers across the whole of the UK was £143 847 in October, while the average price paid by former owner occupiers was £200 275. For further details and to see the tables go to: http://www.odpm.gov.uk/stellent/groups/odpm_contro l/documents/contentservertemplate/odpm_index.hcst? n=1618&l=3. http://www.odpm.gov.uk/pns/displaypn.cgi?pn_id=200 4_0314 |
| 590 ## - LOCAL NOTE (RLIN) | |
| Local note | WB |
| 590 ## - LOCAL NOTE (RLIN) | |
| Local note | WB |
| 650 ## - SUBJECT ADDED ENTRY--TOPICAL TERM | |
| Topical term or geographic name entry element | HOUSE PRICE INDEX |
| 650 ## - SUBJECT ADDED ENTRY--TOPICAL TERM | |
| Topical term or geographic name entry element | HOUSE PRICE INFLATION |
| 650 ## - SUBJECT ADDED ENTRY--TOPICAL TERM | |
| Topical term or geographic name entry element | HOUSING-MARKET |
| 690 ## - LOCAL SUBJECT ADDED ENTRY--TOPICAL TERM (OCLC, RLIN) | |
| Topical term or geographic name as entry element | HOUSING-HOUSE PRICES |
| 942 ## - ADDED ENTRY ELEMENTS (KOHA) | |
| Suppress in OPAC | 0 |
| Withdrawn status | Lost status | Source of classification or shelving scheme | Damaged status | Not for loan | Home library | Current library | Shelving location | Date acquired | Total Checkouts | Full call number | Barcode | Date last seen | Copy number | Price effective from | Koha item type |
|---|---|---|---|---|---|---|---|---|---|---|---|---|---|---|---|
| Other/Generic Classification Scheme | London | London | News article | 16/12/2004 | WB@3612-475 | 128348-1001 | 06/08/2019 | 1 | 06/08/2019 | News article |